00455nam a2200145 a 4500008004100000050001600041100002200057245003400079246008800113260005500201300001300256350000900269650001900278650001200297120416s9999 ||||||||||||||||| || u aHD 7287 Win aWinpenny, James T10aHousing and jobs for the poor athe employment implications of public policies for the supply of low income housing aLondonbUniv. College. Bartlett School of Architc a52 pages a0.00 0aHOUSING POLICY aHOUSING